000 00394nam a22001217a 4500
999 _c3867
_d3867
005 20210416093536.0
008 210416b ||||| |||| 00| 0 eng d
020 _a978998267104
040 _cCML
245 _aLearn Civic Education In A Week Volume 1
_cKulelwa M. Mulenga M, Sandala P
260 _aZambia
_bMarvel Publishers
_c2014
942 _2ddc
_cBK
_e1st Edition
_h323.042
_mCIV